000 00518nam a2200169 4500
001 118613
003 ES-MaACL
005 20251120063139.0
007 t|
008 070214s1966 sp r ||||1| spa d
100 1 _aPérez Baró, Albert,
_d1902-1989
_990657
245 1 2 _aL'empresa cooprativa i economia cooperativa a Catalunya /
_cAlberto Pérez Baró.
260 _aBarcelona :
_bMediterrania,
_c1966.
300 _a30 p. ;
_c22 cm.
852 _aES-MaACL
_j2056-F-7
_bR.61332
999 _c118613
_d118613